| 000 | 00941cam a2200277 u 4500 | ||
|---|---|---|---|
| 001 | 78000 | ||
| 003 | BD-RjUL | ||
| 005 | 20221211095649.0 | ||
| 008 | 010215s1975 le || |000 0|ara|| | ||
| 035 | _a(BD-RjUL) | ||
| 040 |
_aUkOxU _beng _cBD-RjUL |
||
| 041 | _aara | ||
| 066 | _c(3 | ||
| 082 |
_2297.125 _aQUF _b1982 |
||
| 100 | 1 |
_aقطب سيد ;; Quṭb, Sayyid, _d1906-1966. _9245394 |
|
| 245 | 1 | 0 |
_aفي ظلال القران ;; Fī ẓilāl al-Qurʼān / _cبقلم سيد قطب. ;; bi-qalam Sayyid Quṭb. |
| 250 | _aal-Tabʿah al-mashrūʿah al-ʿthāniyah. | ||
| 250 | _aلطبعة المشروعة الثانية. | ||
| 260 |
_aBayrūt : _bDār al-Shurūq, _c1395 1982 |
||
| 260 |
_aبيروت : _bدار الشروق، _c٥٩٣١. |
||
| 300 |
_a6 v. ; _c29 cm. |
||
| 505 | _a v.3.--v.4.--V.5.fuqan wa ashuara-namal.--v.6.-- | ||
| 650 |
_aQurʼan _vCommentaries. _9245395 |
||
| 650 |
_aQurʼan. _9245396 |
||
| 942 |
_2ddc _cBK |
||
| 999 |
_c78000 _d78000 |
||